000 00769nam a2200253Ia 4500
003 OSt
005 20220927105330.0
006 a|||||r|||| 00| 0
007 ta
008 220926b |||||||| |||| 00| 0 eng d
020 _a9211250900
024 _a188761
037 _cReference Collections
040 _aRTL
_cRTL
_beng
041 _2eng
_aeng
082 _a"X:533.6, P4/UN"
110 _aUNITED NATIONS ECONOMIC COMMISSION FOR AFRICA.
245 0 _aAssessing regional integration in Africa
_b ECA policy research report.
260 _aAddis
_bAbaba UNECA
_c2004
300 _a"xii, 278p"
_ccm.
700 _aUNITED NATIONS ECONOMIC COMMISSION FOR AFRICA.
942 _h"X:533.6, P4/UN"
_cCC
999 _c691893
_d691893